000 01953nam0a2200337 4500
001 RU\NLR\BIBL_A\022727395
005 20260326164533.0
010 _a978-5-4312-1309-0
_9300
021 _aRU
_bКН-П-25-080301
_9КН-П-25-7785
035 _a(NLR Aleph) 022727395
090 _a13643949
_c13643949
100 _a20260213d2025 k y0rusy50 ca
101 0 _arus
102 _aRU
105 _aabc|z|||000yy
181 0 _ai3
_baxxe
182 0 _an
200 1 _aМогильник Боярский "Арай "Мазуринского типа в Удмуртском Прикамье
_eмонография
_fЕ. М. Черных, О. Ф. Хайруллина
_gпри участии: Е. В. Голдиной, Т. Ю. Прокопьевой, А. В. Рассказовой, И. Г. Широбокова
_gМинистерство науки и высшего образования Российской Федерации, ФГБОУ ВО "Удмуртский государственный университет", Институт истории и социологии
203 _aТекст
_bвизуальный
_cнепосредственный
210 _aИжевск
_cУдмуртский университет
_d2025
215 _a382, [1] с., [6] л. цв. ил., портр.
_cил., цв. ил., табл.
_d29
225 1 _aМатериалы и исследования Камско-Вятской археологической экспедиции
_vт. 34
320 _aБиблиогр. в конце гл.
607 _aБоярский (Арай) могильник (Прикамье)
_92702729
_3RU\NLR\AUTH\6601768315
686 1 _aТ4(2)273.26-431.1
700 1 _aЧерных
_bЕ. М.
_gЕлизавета Михайловна
701 1 _aХайруллина
_bО. Ф.
_gОльга Фаридовна
942 _cBOOK
980 _aNB